000 00837cab a2200265 4500
001 WB2811-18
008 090401t1992 xxu||||| |||| 00| 0 eng d
035 _a(Sirsi) u55687
041 _aeng
245 _aLand for housing
260 _c1992
350 _a0
490 _aIndependent on Sunday
_v8 March 1992, 4
490 _aIndependent
_v12 March 1992, 6(1)
520 _aThe House Builders` Federation is seeking a government housing forecast of 1.1m homes in the south-east in the next 15 years. The Federation also condemns Government curbs on rural housing development.
650 _aHOUSE BUILDERS FEDERATION
650 _aHOUSE BUILDING LAND
650 _aHOUSE BUILDING
650 _aRURAL HOUSING
690 _aBUILT ENVIRONMENT
690 _aCON
690 _aHOUSING
942 _n0
948 _c04/03/1997
999 _c34042
_d34042